| 000 | 00644nam a2200181Ia 4500 | ||
|---|---|---|---|
| 008 | 190427s9999 xx 000 0 und d | ||
| 100 | _aChen Xiaofeng | ||
| 245 | _aFactors that influence employees' security policy compliance: An awreness-motiivation-capability perspective/ | ||
| 245 | _cXiaofeng Chen, Liqiang Chen and Dazhong Wu.-- | ||
| 260 | _bTaylor and Francis Group | ||
| 260 | _c2018 | ||
| 300 | _apages 312-324, 2018 | ||
| 440 |
_aJournal of Computer Inforamation System _v58(4) |
||
| 650 | _aAwareness Motivation-Capability (AMC) | ||
| 650 | _aCompliance | ||
| 650 | _aInformation Security Policy | ||
| 650 | _aPerspective | ||
| 999 |
_c361737 _d361737 |
||